| 000 | 00524nam a2200121Ia 4500 | ||
|---|---|---|---|
| 008 | 160609s9999 xx 000 0 und d | ||
| 100 | _aAndrade, Andre Luis Monezi. | ||
| 245 | _aDrug Abuse In Adolescence: Neurobiological, Cognitive, And Psychological Issues | ||
| 245 | _cBy:Andre Luiz Monezi Andrade, Denise de Micheli, Eroy Aparecida da Silva, Maria Lucia Oliveira de Souza Formigoni | ||
| 260 | _c2015 | ||
| 650 | _xCHILD & ADOLESCENT DEVELOPMENT | ||
| 856 | _uhttp://file.ebook777.com/005/DruAbuInAdoNeuCogAndPsyIss.pdf | ||
| 999 |
_c295860 _d295860 |
||